Sports Quiz

Random Sports or MLB Quiz

Home Run Derby Winners Who Led League in Homers Quiz Stats

 Plays Quiz not verified by Sporcle

Score 0/7 Timer 02:00
0 Plays Today
Year Player % Correct
2017Aaron Judge
99.3%
1994, 1998, 1999Ken Griffey, Jr.
98.9%
2006Ryan Howard
96.8%
2000Sammy Sosa
95.8%
1987Andre Dawson
84.9%
1990Ryne Sandberg
82.1%
1993Juan Gonzalez
80%

You're not logged in!

Compare scores with friends on all Sporcle quizzes.
OR
Log In

Show Comments

Extras

Top Quizzes Today


Score Distribution

Your Account Isn't Verified!

In order to create a playlist on Sporcle, you need to verify the email address you used during registration. Go to your Sporcle Settings to finish the process.

Report this User

Report this user for behavior that violates our Community Guidelines.

Details: